书目信息 |
| 题名: |
矿山通风与环保
|
|
| 作者: | 陈国山 , 孙文武 主编 | |
| 分册: | ||
| 出版信息: | 北京 冶金工业出版社 2008.01 |
|
| 页数: | 175页 | |
| 开本: | 26cm | |
| 丛书名: | ||
| 单 册: | ||
| 中图分类: | TD72 | |
| 科图分类: | ||
| 主题词: | 矿山通风--kuang shan tong feng--技术培训--教材 , 矿山--kuang shan--环境保护--技术培训--教材 | |
| 电子资源: | ||
| ISBN: | 978-7-5024-4407-5 | |
| 000 | 01023nam0 2200277 450 | |
| 001 | 012008190087 | |
| 005 | 20080424110748.41 | |
| 010 | @a978-7-5024-4407-5@dCNY28.00 | |
| 100 | @a20080423d2008 em y0chiy0120 ea | |
| 101 | 0 | @achi |
| 102 | @aCN@b110000 | |
| 105 | @aa a 000yy | |
| 106 | @ar | |
| 200 | 1 | @a矿山通风与环保@Akuang shan tong feng yu huan bao@f陈国山, 孙文武主编@Fchen guo shan,sun wen wu zhu bian |
| 210 | @a北京@c冶金工业出版社@d2008.01 | |
| 215 | @a175页@c图@d26cm | |
| 300 | @a劳动和社会保障部培训就业司推荐 冶金行业职业教育培训规划教材 | |
| 320 | @a有书目 (第175页) | |
| 330 | @a全书内容有矿井的基本知识,地下开采的通风、井下通风管理、露天矿开采通风、矿山空气污染及其防治、矿山粉尘污染及其防治等。 | |
| 606 | 0 | @a矿山通风@Akuang shan tong feng@x技术培训@j教材 |
| 606 | 0 | @a矿山@Akuang shan@x环境保护@x技术培训@j教材 |
| 690 | @aTD72@v4 | |
| 701 | 0 | @a陈国山@Achen guo shan@4主编 |
| 701 | 0 | @a孙文武@Asun wen wu@4主编 |
| 801 | 0 | @aCN@bQSSK@c20080424 |
| 905 | @b296298-300@dTD72@eC426@f3 | |
| 矿山通风与环保/陈国山, 孙文武主编.-北京:冶金工业出版社,2008.01 |
| 175页:图;26cm |
| 劳动和社会保障部培训就业司推荐 冶金行业职业教育培训规划教材 |
| ISBN 978-7-5024-4407-5:CNY28.00 |
| 全书内容有矿井的基本知识,地下开采的通风、井下通风管理、露天矿开采通风、矿山空气污染及其防治、矿山粉尘污染及其防治等。 |
| ● |
| 相关链接 |
|
|
|
正题名:矿山通风与环保
索取号:TD72/C426
 
预约/预借
| 序号 | 登录号 | 条形码 | 馆藏地/架位号 | 状态 | 备注 |
| 1 | 296298 | 202962981 | 自科库501/501自科库 21排3列2层/ [索取号:TD72/C426] | 在馆 | |
| 2 | 296299 | 202962990 | 自科库501/501自科库 21排3列2层/ [索取号:TD72/C426] | 在馆 | |
| 3 | 296300 | 202963007 | 自科库501/501自科库 21排3列2层/ [索取号:TD72/C426] | 在馆 |